Monstruos que gobiernan, animales que devoran: la crítica al liberalismo desde la zoología política en Costa Rica (1870-1900) /
Kaydedildi:
| Yazar: | |
|---|---|
| Materyal Türü: | Kitap |
| Dil: | Spanish |
| Etiketler: |
Etiketle
Etiket eklenmemiş, İlk siz ekleyin!
|
MARC
| LEADER | 00000nam a22000007a 4500 | ||
|---|---|---|---|
| 003 | cru CIDCACS/IIS | ||
| 005 | 20210817130043.0 | ||
| 007 | ta | ||
| 008 | 161130s2015 cr ||||| |||| 00| 0 spa d | ||
| 040 | |c CRAI/IIS |a CRAI/IIS | ||
| 100 | 1 | |a Arias Mora, Dennis |9 662 | |
| 245 | 1 | |a Monstruos que gobiernan, animales que devoran: |b la crítica al liberalismo desde la zoología política en Costa Rica (1870-1900) / |c Dennis Arias Mora | |
| 300 | |a páginas 219-248 | ||
| 500 | |a Colección Centroamérica | ||
| 773 | 0 | |0 18765 |9 185 |a Universidad de Costa Rica |d San José, Costa Rica: Editorial Universidad de Costa Rica, 1974- |o R17675 |t Anuario de Estudios Centroaméricanos / | |
| 942 | |2 ddc |c PP | ||
| 999 | |c 18775 |d 18775 | ||
